Questions de poetique (Record n. 66095)
[ formato base ]
| 000 -LEADER | |
|---|---|
| fixed length control field | 01415nam a2200301Ia 4500 |
| 001 - CONTROL NUMBER | |
| control field | 18413 |
| 003 - CONTROL NUMBER IDENTIFIER | |
| control field | IT-RoPAU |
| 008 - FIXED-LENGTH DATA ELEMENTS--GENERAL INFORMATION | |
| fixed length control field | 130308s9999 xx 000 0 und d |
| 040 ## - CATALOGING SOURCE | |
| Original cataloging agency | IT-RoPAU |
| 040 ## - CATALOGING SOURCE | |
| Transcribing agency | IT-RoPAU |
| 041 ## - LANGUAGE CODE | |
| Language code of text/sound track or separate title | FRANCESE |
| 999 ## - SYSTEM CONTROL NUMBERS (KOHA) | |
| Koha Dewey Subclass [OBSOLETE] | SI |
| 100 ## - MAIN ENTRY--PERSONAL NAME | |
| Personal name | Jakobson Roman |
| 100 ## - MAIN ENTRY--PERSONAL NAME | |
| Miscellaneous information | Codice Aut. SPICS: 5256 |
| 245 ## - TITLE STATEMENT | |
| Title | Questions de poetique |
| 245 ## - TITLE STATEMENT | |
| Remainder of title | Questions de Poetique |
| 250 ## - EDITION STATEMENT | |
| Edition statement | 2a ed. |
| 260 ## - PUBLICATION, DISTRIBUTION, ETC. (IMPRINT) | |
| Place of publication, distribution, etc. | PARIS |
| 260 ## - PUBLICATION, DISTRIBUTION, ETC. (IMPRINT) | |
| Name of publisher, distributor, etc. | Seuil |
| 260 ## - PUBLICATION, DISTRIBUTION, ETC. (IMPRINT) | |
| Date of publication, distribution, etc. | 1973 [1° Ed.: - Ed.Ling.Originale:] |
| 300 ## - PHYSICAL DESCRIPTION | |
| Extent | "512 p. (prefazione: no ; testo: 512)" |
| 500 ## - GENERAL NOTE | |
| General note | "Poetica Nuova Poesia Russa Futurismo Realismo nell'Arte Principi di Versificazione Problemi Riguardanti gli Studi Letterari e Linguistici folklore Forma specifica della Creazione Musicologia e Linguistica Decadenza del Cinema? Concetto di Poesia Note Sulla Prosa di Pasternak Simbolismo di Pouchkineprima lettera di Saussure a Meillet Sugli Anagrammi Linguaggio in Azione Parallelismo Grammaticale Grammatica della Poesia strutture Linguistiche Subliminali in Poesia testo Poetico di Martin Codax Sonetto di Dante Arte Verbale di Shakespeare Blake Rousseau Klee Baudelaire Analisi del Poema ""Revedere"" di Mihail Eminescu Struttura Grammaticale del Poema di Bertolt Brecht ""Wir Sind Sie"" Fernando Pessoa" |
| 650 ## - SUBJECT ADDED ENTRY--TOPICAL TERM | |
| Topical term or geographic name as entry element | SEMIOLOGIA |
| 650 ## - SUBJECT ADDED ENTRY--TOPICAL TERM | |
| Relator term | Codice materia Spics: 3251 |
| 942 ## - ADDED ENTRY ELEMENTS (KOHA) | |
| Koha item type | LIBRO |
| 957 ## - | |
| -- | 1 |
| 999 ## - SYSTEM CONTROL NUMBERS (KOHA) | |
| -- | 1 |
| Withdrawn status | Lost status | Damaged status | Not for loan | Home library | Current library | Date acquired | Total Checkouts | Full call number | Date last seen | Price effective from | Koha item type | Public note |
|---|---|---|---|---|---|---|---|---|---|---|---|---|
| Buone Condizioni | Not For Loan | SPICS-MEDIATECA | SPICS-MEDIATECA | 08/03/2013 | 18413 | 08/03/2013 | 08/03/2013 | LIBRO | Progressivo inserimento: 5722 / N. Volumi: 1 Copie: 1 Copia Rara: SI / data import: 1 marzo 2013 - By Epidotti, Trombetti, Vaglietti. |